| 000 | 00493nam a22001577a 4500 | ||
|---|---|---|---|
| 003 | OSt | ||
| 005 | 20150919100505.0 | ||
| 008 | 150919b xxu||||| |||| 00| 0 eng d | ||
| 040 | _cRUA | ||
| 082 | _aAGR CHE 2006 BO33 Or.1 | ||
| 100 |
_9831 _aCHEA,SITHEA |
||
| 245 | _aPotential of mango in kampot province, (សក្តានុពលដំណាំស្វាយនៅខេត្តកំពត). | ||
| 260 |
_aphnom phen _bRUA _c2006 |
||
| 300 |
_aXIII, 47p. _bill. _c29cm. |
||
| 942 |
_2ddc _cAGR |
||
| 999 |
_c801 _d801 |
||